| 000 | 00479 a2200157 4500 | ||
|---|---|---|---|
| 020 | _a0132584190 | ||
| 040 |
_aDLC _bDLC |
||
| 082 | 0 | 0 | _a519.5/4 |
| 100 | 1 | _aStoica, Petre. | |
| 245 | 1 | 0 |
_aIntroduction to spectral analysis _cPetre Stoica and Randolph L. Moses. |
| 260 |
_aUpper Saddle River, N.J. : _bPrentice Hall, _cc1997. |
||
| 300 |
_axviii, 319 p. : _bill. ; _c24 cm. |
||
| 650 | 0 | _aSpectral theory (Mathematics) | |
| 700 | 1 | _aMoses, Randolph L. | |
| 942 |
_cBK _k519.54 STO _2ddc |
||
| 999 |
_c7734 _d7734 |
||